000
00295nam a2200097Ia 4500
082
_a
968.4045 RATT
245
0
_a
David Rattray's guidebook to the Anglo-Zulu War battlefields
100
_a
RATTRAY, David Barnsley, 2003
_9
94984
942
_c
BK
008
210817s9999 xx 000 0 und d
999
_c
391390
_d
391389